header

The primes (Record no. 246556)

MARC details
000 -LEADER
fixed length control field 01230nam a2200313 a 4500
082 04 - DEWEY DECIMAL CLASSIFICATION NUMBER
Classification number 658.4/036
100 1# - MAIN ENTRY--AUTHOR NAME
Personal name McGoff, Chris,
245 14 - TITLE STATEMENT
Title The primes
260 ## - PUBLICATION, DISTRIBUTION, ETC. (IMPRINT)
Place of publication Hoboken, N.J. :
Name of publisher Wiley,
Year of publication c2012.
300 ## - PHYSICAL DESCRIPTION
Number of Pages xxx, 241 p. :
Other physical details ill., port.
500 ## - GENERAL NOTE
General note On cover: "46 universal patterns of high performance."
650 #0 - SUBJECT ADDED ENTRY--TOPICAL TERM
Topical Term Group problem solving.
856 40 - ELECTRONIC LOCATION AND ACCESS
Uniform Resource Identifier http://site.ebrary.com/lib/rucke/Doc?id=10542594

No items available.

© 2026 Rongo University
Contact us: librarian | system librarian | Rongo university